طرق البحث العلمي : (رقم التسجيلة. 447)
[ عرض عادي ]
| 000 -الفاتح | |
|---|---|
| عناصر البيانات ثابتة الطول | 00641cam a2200169 i 4500 |
| 005 - تاريخ ووقت آخر معاملة | |
| حقل ضبط | 20251108163341.0 |
| 008 - عناصر البيانات ثابتة الطول | |
| عناصر البيانات ثابتة الطول | 250721s2011 jo gr 000 0 ara d |
| 020 ## - الترقيم الدولي المعياري للكتب (ردمك) | |
| الترقيم الدولي المعياري للكتب (ردمك) | 9789957123475 |
| 082 14 - رقم تصنيف ديوي العشري | |
| رقم التصنيف | 001.4 |
| رقم المادة | س م ا |
| 100 1# - مدخل رئيسي – اسم شخصي | |
| الاسم الشخصي | السماك، محمد أزهر سعيد |
| علاقة الشخص بالعمل/ دوره | مؤلف. |
| 245 10 - بيان العنوان | |
| العنوان | طرق البحث العلمي : |
| بيان المسؤولية | الاستاذالدكتور محمد ازهر سعيد السماك / |
| بقية العنوان | اسس وتطبقات. |
| 264 31 - بيانات النشر، التوزيع…إلخ | |
| مكان النشر، التوزيع...إلخ | عمان : |
| اسم الناشر، الموزع...إلخ | دارا ليازوري العلمية للنشر والتوزبع، |
| تاريخ النشر، التوزيع...إلخ | 2011. |
| 300 ## - الوصف المادي | |
| عدد الوحدات المكونة للوعاء | 322 صفحة. |
| 650 17 - مدخل إضافي بالموضوع - مصطلح موضوعي | |
| مصطلح موضوعي أو اسم جغرافي كعنصر مدخل | الابحاث. |
| 942 ## - بيانات إضافية (كوها) | |
| نوع التنصيف | Dewey Decimal Classification |
| نوع المادة (كوها) | كتب |
| حالة السحب | حالة الفقدان | مصدر التصنيف | حالة التلف | غير قابل للإعارة | المكتبة الرئيسية | المكتبة الحالية | موقع الرف | تاريخ التزويد | الرقم المتسلسل | Total Checkouts | رقم الإستدعاء | الباركود | تاريخ آخر ظهور | تاريخ الفاتورة | نوع المادة (كوها) |
|---|---|---|---|---|---|---|---|---|---|---|---|---|---|---|---|
| Dewey Decimal Classification | المكتبة المركزية | المكتبة المركزية | الإعارة | 28/07/2025 | 1505137 | 001.4 / س م ا | PLD00235476 | 28/07/2025 | 28/07/2025 | كتب | |||||
| Dewey Decimal Classification | المكتبة المركزية | المكتبة المركزية | الإعارة | 11/11/2011 | 1505137 | 001.4/سما | PLD00235872 | 28/07/2025 | 11/11/2011 | كتب | |||||
| Dewey Decimal Classification | مكتبة النصر العامة | مكتبة النصر العامة | الإعارة | 11/11/2011 | 1505138 | 001.4/سما | PLD00235873 | 28/07/2025 | 11/11/2011 | كتب |